| 000 | 01366nam a2200325 i 4500 | ||
|---|---|---|---|
| 003 | EG-ScBUE | ||
| 005 | 20240225133040.0 | ||
| 008 | 110814s1998 ua f b 000 0 ara d | ||
| 017 | _a98 / 10555 | ||
| 020 | _a9772210851 | ||
| 040 |
_aEG-ScBUE _bara _erda _cEG-ScBUE _dEG-ScBUE |
||
| 041 | 1 |
_aara _heng |
|
| 082 | 0 | 4 |
_222 _a956.1015 _bش و ج |
| 100 | 1 |
_926686 _aشوجر ، بيتر، _d1919-1999، _eمؤلف. |
|
| 245 | 1 | 0 |
_aأوروبا العثمانية 1354 - 1804 : _bفي أصول الصراع العرقي في الصرب والبوسنة / _cبيتر شوجر ؛ ترجمة د. عاصم الدسوقي. |
| 250 | _aالطبعة الأولى. | ||
| 264 | 1 |
_aالقاهرة : _bدار الثقافة الجديدة، _c1998. |
|
| 300 |
_a352 صفحة ؛ _c24 سم |
||
| 336 |
_2rdacontent _aنص _btxt |
||
| 337 |
_aبدون وسيط _2rdamedia _bn |
||
| 338 |
_aمجلد _bnc _2rdacarrier |
||
| 504 | _aيشتمل على إرجاعات ببليوجرافية. | ||
| 546 | _aالنص باللغة العربية وتم ترجمته من اللغة الإنجليزية. | ||
| 651 | 7 |
_aأوروبا _xتاريخ. _2BUEsh |
|
| 651 | 7 |
_aالبلقان _xتاريخ _yالعصر العثماني. _2BUEsh |
|
| 653 | _cAugust2011 | ||
| 655 | _vReading book | ||
| 700 | 1 |
_926690 _aدسوقي، عاصم، _d1939- _eمترجم. |
|
| 942 |
_2ddc _cBB |
||
| 999 |
_c15823 _d15823 |
||